000
00330nam a2200145Ia 4500
999
_c
4268
_d
4268
003
OSt
005
20200310123155.0
008
200302s9999 xx 000 0 und d
100
_a
Anubhuti II
245
_a
Eco-Friendly Architecture Harsil Valley
260
_b
Swaprakashan
260
_c
2014
300
_a
189 P.
942
_2
ddc